<?xml version="1.0" encoding="UTF-8"?>
<record
    xmlns:xsi="http://www.w3.org/2001/XMLSchema-instance"
    xsi:schemaLocation="http://www.loc.gov/MARC21/slim http://www.loc.gov/standards/marcxml/schema/MARC21slim.xsd"
    xmlns="http://www.loc.gov/MARC21/slim">

  <leader>00848cam a2200253 i 4500</leader>
  <controlfield tag="001">81918</controlfield>
  <controlfield tag="003">BD-RjUL</controlfield>
  <controlfield tag="005">20230914145135.0</controlfield>
  <controlfield tag="008">220131s1966    p  ah    b    000 1 urd  </controlfield>
  <datafield tag="035" ind1=" " ind2=" ">
    <subfield code="a">(BD-RjUL)81918</subfield>
  </datafield>
  <datafield tag="037" ind1=" " ind2=" ">
    <subfield code="c">15.00 USD</subfield>
  </datafield>
  <datafield tag="040" ind1=" " ind2=" ">
    <subfield code="a">DLC</subfield>
    <subfield code="b">eng</subfield>
    <subfield code="e">rda</subfield>
    <subfield code="c">DLC</subfield>
  </datafield>
  <datafield tag="041" ind1=" " ind2=" ">
    <subfield code="a">urd</subfield>
  </datafield>
  <datafield tag="082" ind1=" " ind2=" ">
    <subfield code="2">23</subfield>
    <subfield code="a">954.025</subfield>
    <subfield code="b">BEK 1966</subfield>
  </datafield>
  <datafield tag="100" ind1=" " ind2=" ">
    <subfield code="a">Betalovi, Sbhan Ray</subfield>
    <subfield code="9">8981</subfield>
  </datafield>
  <datafield tag="245" ind1="1" ind2="0">
    <subfield code="a">&#x62E;&#x644;&#x627;&#x635;&#x629; &#x627;&#x644;&#x62A;&#x648;&#x627;&#x631;&#x64A;&#x62E;  ;; Khul&#x101;&#x1E63;at al-taw&#x101;r&#x12B;kh /</subfield>
    <subfield code="c">Nazir Hassan Zaidi ; Sbhan Ray betalovi ; ; &#x633;&#x628;&#x62D;&#x627;&#x646; &#x631;&#x627;&#x626;&#x6D2; &#x628;&#x679;&#x627;&#x644;&#x648;&#x6CC; &#x61B; &#x646;&#x627;&#x638;&#x631; &#x62D;&#x633;&#x646; &#x632;&#x64A;&#x62F;&#x64A;</subfield>
  </datafield>
  <datafield tag="250" ind1=" " ind2=" ">
    <subfield code="a">al-&#x1E6C;ab&#x2BB;ah al-&#x16B;l&#xE1;.</subfield>
  </datafield>
  <datafield tag="264" ind1=" " ind2="1">
    <subfield code="a">Lahore :</subfield>
    <subfield code="b">Markaj urdu ,,</subfield>
    <subfield code="c">1966</subfield>
  </datafield>
  <datafield tag="300" ind1=" " ind2=" ">
    <subfield code="a">711 pages :</subfield>
    <subfield code="c">24 cm.</subfield>
  </datafield>
  <datafield tag="504" ind1=" " ind2=" ">
    <subfield code="a">Includes bibliographical references.</subfield>
  </datafield>
  <datafield tag="650" ind1=" " ind2="0">
    <subfield code="a">Empire moghol </subfield>
    <subfield code="9">8982</subfield>
    <subfield code="x">History</subfield>
    <subfield code="y">1000-1765</subfield>
  </datafield>
  <datafield tag="700" ind1=" " ind2=" ">
    <subfield code="a">Zaidi ; Nazir Hassan</subfield>
    <subfield code="9">8983</subfield>
  </datafield>
  <datafield tag="942" ind1=" " ind2=" ">
    <subfield code="2">ddc</subfield>
    <subfield code="c">BK</subfield>
  </datafield>
  <datafield tag="999" ind1=" " ind2=" ">
    <subfield code="c">81918</subfield>
    <subfield code="d">81918</subfield>
  </datafield>
  <datafield tag="952" ind1=" " ind2=" ">
    <subfield code="0">0</subfield>
    <subfield code="1">0</subfield>
    <subfield code="2">ddc</subfield>
    <subfield code="4">0</subfield>
    <subfield code="7">1</subfield>
    <subfield code="8">NFIC</subfield>
    <subfield code="a">RUCL</subfield>
    <subfield code="b">RUCL</subfield>
    <subfield code="c">Reading</subfield>
    <subfield code="d">1969-09-22</subfield>
    <subfield code="e">Book Cencre</subfield>
    <subfield code="g">12.00</subfield>
    <subfield code="o">U 954.025 BEK 1966</subfield>
    <subfield code="r">2023-09-14 00:00:00</subfield>
    <subfield code="t">C-1</subfield>
    <subfield code="y">BK</subfield>
  </datafield>
</record>
